000 00292nam a22001337a 4500
008 171004b xxu||||| |||| 00| 0 eng d
020 _a0134448030
041 _aeng
080 _25TH
_a159.9
100 _a48
101 _aPSI
245 _aHUMAN DEVELOPMENT
_cCRAIG,G.J
942 _2udc
_cBK
999 _c31696
_d31696